• 首页
  • 本馆介绍
  • 公告通知
  • 最新文献
  • 馆藏检索
  • 电子资源
  • 读者导购
  • 参考咨询
  • 我的图书馆
  • 登录
  • 详细信息显示
  • 放入我的书架
  • 预约/预借图书
  • 作者相关作品
  • 分类相关作品
  • 丛书相关作品
  • 出版社相关作品

书目信息

  • 表格格式
  • 工作单格式
  • 卡片格式
题名:
化工热力学
    
 
作者: 高光华 , 陈健 , 卢滇楠 编著
分册:  
出版信息: 北京   清华大学出版社  2017.6
页数: 12,386页
开本: 26cm
丛书名:
单 册:
中图分类: TQ013.1
科图分类:
主题词: 化工热力学--高等学校--教材
电子资源:
ISBN: 978-7-302-45201-0
000 00962nam0 2200277 450
001 0400004469
005 20171026145749.79
010    @a978-7-302-45201-0@dCNY68.00
100    @a20170802d2017 em y0chiy50 ea
101 0  @achi
102    @aCN@b110000
105    @aa z 000yy
106    @ar
200 1  @a化工热力学@9hua gong re li xue@f高光华,陈健,卢滇楠编著
205    @a第3版
210    @a北京@c清华大学出版社@d2017.6
215    @a12,386页@c图@d26cm
300    @a清华大学化学工程系列教材
330    @a本书主要内容包括:热力学基本定律、流体的p-V-T关系和流体的热力学性质、气体的压缩和膨胀过程、热功转换过程及其过程热力学分析、液体溶液、相平衡和化学反应平衡。
606 0  @a化工热力学@x高等学校@j教材
690    @aTQ013.1@v5
701  0 @a高光华@9gao guang hua@f(1947-)@4编著
701  0 @a陈健@9chen jian@c(化学工程与技术)@4编著
701  0 @a卢滇楠@9lu dian nan@4编著
801  0 @aCN@b91MARC@c20171024
905    @b1038065-9@dTQ013.1@f5@e451=3
    
    化工热力学/高光华,陈健,卢滇楠编著.-第3版.-北京:清华大学出版社,2017.6
    12,386页:图;26cm
    清华大学化学工程系列教材
    
    ISBN 978-7-302-45201-0:CNY68.00
    本书主要内容包括:热力学基本定律、流体的p-V-T关系和流体的热力学性质、气体的压缩和膨胀过程、热功转换过程及其过程热力学分析、液体溶液、相平衡和化学反应平衡。
●
相关链接 在E读中查询图书 在五车中查询图书 在当当中查询图书 在豆瓣中查询图书


正题名:化工热力学     索取号:TQ013.1/451=3         预约/预借

序号 登录号 条形码 馆藏地/架位号 状态 备注
1 1038065   210380657   第二样本阅览室/ [索取号:TQ013.1/451=3] 在馆    
2 1038066   210380666   密集书库-化学系/ [索取号:TQ013.1/451=3] 在馆    
3 1038067   210380675   第三借阅区/ [索取号:TQ013.1/451=3] 在馆    
4 1038068   210380684   第三借阅区/ [索取号:TQ013.1/451=3] 在馆    
5 1038069   210380693   第三借阅区/ [索取号:TQ013.1/451=3] 在馆    
唐山师范学院图书馆 欢迎您!
大连网信软件有限公司© 版权所有